000 00384nam a22001577a 4500
005 20170909112824.0
008 170909b xxu||||| |||| 00| 0 eng d
020 _a978-81-272-5090-4
041 _aeng
082 _a636.5
100 _aSINGH, R.A.
_93909
245 _aPOULTRY PRODUCTION
_cR.A.SINGH
260 _aLUDHIYANA
_bKALYANI PUBLISHERS
_c1981
300 _a324p.
942 _cBK
999 _c5549
_d5547